000 00523nam a2200169Ia 4500
008 220216s9999 xx 000 0 und d
100 _aWeng Wong Phui
245 0 _aCommercial development of roundup post emergence weedicide as a one-shot treatment for control of lalang(Imperata cylindrica) in Malaysian cultivation
260 _bPlanter
_c1975
300 _a411-424
650 _aImperata cyindrica
650 _aLalang
650 _aMalaysia
650 _aRubber cultivation
650 _aWeedicide
942 _cJS
999 _c55870
_d55870